| 000 | 00366nab a22001097u 4500 | ||
|---|---|---|---|
| 008 | 130520b2005 xxu||||| |||| 00| 0 spa d | ||
| 041 | _aspa | ||
| 100 | 1 |
_aGonzález Radio, Vicente _969793 |
|
| 245 | 0 | 0 |
_aIncreencia, civilización y globalización _cVicente González Radio |
| 773 | 0 |
_tCompostellanum _gV.50, nº1-4,2005,págs. 393-422 _x0573-2018 _wRev130 |
|
| 942 | _cAR | ||
| 999 |
_c375440 _d375440 |
||